| Tag |
First Indicator |
Second Indicator |
Subfields |
| LEADER |
00000cam a2200000 a 4500 |
| 001 |
in00000018494 |
| 005 |
20151007053246.0 |
| 008 |
860311s1987 nyu b 00110 eng |
| 010 |
|
|
|a 86060648
|
| 020 |
|
|
|a 0312423020 (pbk.)
|
| 035 |
|
|
|a (OCoLC)15113480
|
| 035 |
|
|
|9 AAB0994AM
|
| 040 |
|
|
|a DLC
|c DLC
|d TXA
|d UtOrBLW
|
| 049 |
|
|
|a TXAM
|c [A11084844]
|
| 050 |
0 |
0 |
|a HF1411
|b .F737 1987
|
| 082 |
0 |
|
|a 337
|2 19
|
| 100 |
1 |
|
|a Frieden, Jeffry A.
|
| 245 |
1 |
0 |
|a International political economy :
|b perspectives on global power and wealth /
|c Jeffry A. Frieden, David A. Lake.
|
| 264 |
|
1 |
|a New York :
|b St. Martin's Press,
|c [1987]
|
| 264 |
|
4 |
|c ©1987
|
| 300 |
|
|
|a ix, 420 pages ;
|c 23 cm.
|
| 336 |
|
|
|a text
|b txt
|2 rdacontent
|
| 337 |
|
|
|a unmediated
|b n
|2 rdamedia
|
| 338 |
|
|
|a volume
|b nc
|2 rdacarrier
|
| 504 |
|
|
|a Includes bibliographical references and index.
|
| 536 |
|
|
|a Dr. Paul P. Van Riper Collection Department of Political Science.
|
| 650 |
|
0 |
|a International economic relations.
|
| 700 |
1 |
|
|a Lake, David A.
|
| 999 |
|
|
|a MARS
|
| 999 |
f |
f |
|s ca2d550c-5b05-3221-9a63-4beee31b4856
|i 36e7da42-5ab2-3d77-a766-f570651300f1
|t 0
|
| 952 |
f |
f |
|p ric
|a Texas A&M University
|b Rellis Campus
|c Joint Library Facility
|d Remote Storage
|t 0
|e HF1411 .F737 1987
|h Library of Congress classification
|i unmediated -- volume
|m A14811084844
|
| 998 |
f |
f |
|a HF1411 .F737 1987
|t 0
|l Remote Storage
|